[Event "Berlin op 10"]
[Site "Berlin"]
[Date "2005.10.13"]
[Round "1"]
[White "Schmitt, Marcelo Tilman"]
[Black "Jurkatis, Hagen"]
[Result "0-1"]
[WhiteElo "1629"]
[BlackElo "1945"]
[PlyCount "56"]
[EventDate "2005.10.13"]
[EventType "swiss"]
[EventRounds "7"]
[EventCountry "GER"]
[SourceTitle "EXT 2007"]
[Source "ChessBase"]
[SourceDate "2006.11.23"]
[SourceVersion "1"]
[SourceVersionDate "2006.11.23"]
[SourceQuality "1"]

1. d4 e6 2. Nf3 f5 3. g3 Nf6 4. Bg2 d5 5. 0-0 Bd6 6. c4 c6 7. Nbd2 0-0 8. Ne5 Nbd7 9. Nxd7 Bxd7 10. e3 Qe7 11. Qc2 g5 12. Nf3 g4 13. Ne1 Be8 14. Nd3 Bg6 15. Nf4 Bxf4 16. gxf4 h5 17. f3 Kh8 18. Bd2 Rg8 19. Be1 gxf3 20. Bxf3 Ne4 21. Qe2 Rg7 22. Kh1 Rag8 23. Bxe4 fxe4 24. b3 Bf5 25. h3 Bxh3 26. Qxh5+ Rh7 27. Qe5+ Qg7 28. Qxg7+ Rgxg7 0-1

[Event "Berlin op 09"]
[Site "Berlin"]
[Date "2004.09.20"]
[Round "3"]
[White "Schmitt, Marcelo Tilman"]
[Black "Krawatzki, Armin"]
[Result "1/2-1/2"]
[WhiteElo "1683"]
[BlackElo "1581"]
[PlyCount "89"]
[EventDate "2004.09.06"]
[EventType "swiss"]
[EventRounds "7"]
[EventCountry "GER"]
[SourceTitle "EXT 2007"]
[Source "ChessBase"]
[SourceDate "2006.11.23"]
[SourceVersion "1"]
[SourceVersionDate "2006.11.23"]
[SourceQuality "1"]

1. d4 Nf6 2. Nf3 g6 3. c4 Bg7 4. Nc3 d6 5. e4 0-0 6. Be2 Nbd7 7. Bg5 h6 8. Be3 c6 9. 0-0 a6 10. a4 Qb6 11. Qd2 Ng4 12. Bf4 e5 13. dxe5 dxe5 14. Bg3 Re8 15. h3 Ngf6 16. Qc2 Qc7 17. Rfd1 Nh5 18. Bh2 Nf4 19. Bf1 Nf8 20. Ne2 Nxe2+ 21. Bxe2 Ne6 22. Rac1 c5 23. b3 Bd7 24. Bg3 Bc6 25. Bf1 Rad8 26. Kh2 Bf6 27. Kg1 b6 28. Kh2 Kg7 29. Kg1 Qb7 30. Rxd8 Rxd8 31. Bxe5 Bxe5 32. Nxe5 Bxe4 33. Qc3 Nd4 34. Re1 Re8 35. Nf3 Qd7 36. Nxd4 Qxd4 37. Qe3 Bc6 38. Qxd4+ cxd4 39. Rxe8 Bxe8 40. Bd3 a5 41. Kf1 Kf6 42. f4 Bc6 43. Kf2 g5 44. fxg5+ hxg5 45. g3 1/2-1/2

[Event "Berlin op 09"]
[Site "Berlin"]
[Date "2004.09.13"]
[Round "2"]
[White "Schoeffler, Helmut"]
[Black "Schmitt, Marcelo Tilman"]
[Result "1-0"]
[WhiteElo "2047"]
[BlackElo "1683"]
[PlyCount "109"]
[EventDate "2004.09.06"]
[EventType "swiss"]
[EventRounds "7"]
[EventCountry "GER"]
[SourceTitle "EXT 2007"]
[Source "ChessBase"]
[SourceDate "2006.11.23"]
[SourceVersion "1"]
[SourceVersionDate "2006.11.23"]
[SourceQuality "1"]

1. e4 c6 2. Nc3 d5 3. Nf3 Bg4 4. Be2 dxe4 5. Nxe4 Nd7 6. 0-0 Ngf6 7. Nxf6+ Nxf6 8. b3 g6 9. Bb2 Bg7 10. Ne5 Bxe2 11. Qxe2 0-0 12. Rae1 e6 13. d4 Re8 14. c4 Qc7 15. Qe3 Rad8 16. Re2 Nd7 17. f4 b6 18. Qf3 Nxe5 19. fxe5 c5 20. d5 exd5 21. cxd5 Qb7 22. e6 fxe6 23. Bxg7 Qxg7 24. dxe6 Re7 25. Re4 Rf8 26. Qd3 Rxf1+ 27. Qxf1 Qf8 28. Qd3 Qf6 29. Qd6 Qa1+ 30. Kf2 Qf6+ 31. Ke2 Kg7 32. Kd3 Qf1+ 33. Ke3 Qf6 34. Re5 h6 35. g3 g5 36. Ke4 g4 37. Kd5 Qf3+ 38. Re4 Qf5+ 39. Qe5+ Qxe5+ 40. Kxe5 h5 41. Kd6 Kf8 42. h3 gxh3 43. Rh4 Rh7 44. Rxh3 b5 45. Kxc5 Ke7 46. Kd5 Rh6 47. g4 h4 48. Rc3 h3 49. Rc7+ Kf6 50. Rf7+ Kg6 51. Rf1 h2 52. e7 Rh8 53. Kd6 Rb8 54. Kc7 Re8 55. Kd7 1-0

[Event "Berlin Eckbauer op 5th"]
[Site "Berlin"]
[Date "2002.10.14"]
[Round "2"]
[White "Adam, Horst Dieter"]
[Black "Schmitt, Marcelo Tilman"]
[Result "1/2-1/2"]
[WhiteElo "1543"]
[BlackElo "1710"]
[PlyCount "140"]
[EventDate "2002.10.??"]
[EventType "swiss"]
[EventRounds "7"]
[EventCountry "GER"]
[SourceTitle "EXT 2005"]
[Source "ChessBase"]
[SourceDate "2004.11.15"]
[SourceVersion "1"]
[SourceVersionDate "2004.11.15"]
[SourceQuality "1"]

1. b4 c6 2. Bb2 e6 3. e3 Nf6 4. a3 d5 5. Nf3 Be7 6. c4 0-0 7. cxd5 exd5 8. Be2 Bg4 9. d3 Nbd7 10. Nbd2 a5 11. Qb3 axb4 12. axb4 Rxa1+ 13. Bxa1 Qb6 14. Bc3 Ra8 15. 0-0 Ne8 16. Rb1 Bf6 17. Bxf6 Ndxf6 18. h3 Bf5 19. Nd4 Bg6 20. N2f3 Nd7 21. Nh4 Nf8 22. Nxg6 Nxg6 23. Nf3 Nd6 24. d4 Nb5 25. Bd3 Ra3 26. Qc2 Nc3 27. Rb3 Rxb3 28. Qxb3 Nb5 29. Qa4 Qa6 30. Bxb5 cxb5 31. Qb3 Qc6 32. Qb2 f6 33. Ne1 Qc4 34. Nc2 Ne7 35. Na3 Qd3 36. Nc2 Nc6 37. Ne1 Qc4 38. Nc2 Kf8 39. g3 Ke7 40. Kg2 Ke6 41. Na3 Qxb4 42. Qxb4 Nxb4 43. Nxb5 Kd7 44. Kf1 Na2 45. Ke2 Kc6 46. Na3 Nc3+ 47. Kd2 Ne4+ 48. Ke2 Kb6 49. g4 Ka5 50. f3 Nd6 51. Kd3 Kb4 52. Nb1 b5 53. Nc3 Kb3 54. Nxd5 b4 55. e4 Ka3 56. Kc2 b3+ 57. Kb1 Nc4 58. Nc3 Nd2+ 59. Kc1 Nxf3 60. d5 Ne5 61. d6 Kb4 62. Kd2 Nc4+ 63. Kd3 Nxd6 64. Nb1 b2 65. h4 Kb3 66. g5 Nb5 67. Nd2+ Ka2 68. Kc2 Na3+ 69. Kc3 b1Q 70. Nxb1 Nxb1+ 1/2-1/2

[Event "Berlin Eckbauer op 5th"]
[Site "Berlin"]
[Date "2002.10.07"]
[Round "1"]
[White "Schmitt, Marcelo Tilman"]
[Black "Plesse, Hans Joachim"]
[Result "0-1"]
[WhiteElo "1710"]
[BlackElo "2250"]
[PlyCount "110"]
[EventDate "2002.10.??"]
[EventType "swiss"]
[EventRounds "7"]
[EventCountry "GER"]
[SourceTitle "EXT 2005"]
[Source "ChessBase"]
[SourceDate "2004.11.15"]
[SourceVersion "1"]
[SourceVersionDate "2004.11.15"]
[SourceQuality "1"]

1. d4 d5 2. Nf3 Nf6 3. c4 e6 4. Nc3 Be7 5. Bg5 0-0 6. e3 Nbd7 7. Rc1 a6 8. a4 c6 9. Bd3 dxc4 10. Bxc4 b5 11. axb5 cxb5 12. Bd3 Bb7 13. 0-0 Rc8 14. e4 b4 15. e5 bxc3 16. exf6 Bxf6 17. Bxf6 Nxf6 18. bxc3 Qa5 19. c4 Rfd8 20. Ne5 g6 21. c5 Rxd4 22. c6 Ba8 23. Qe2 Qd5 24. Bxa6 Rc7 25. Nf3 Rxc6 26. Nxd4 Rxc1 27. Nf3 Rxf1+ 28. Kxf1 Ng4 29. Kg1 Qh5 30. h3 Nf6 31. Qb2 Bxf3 32. Qxf6 Bd5 33. Bc8 Qd1+ 34. Kh2 Bc6 35. f3 Qd6+ 36. Kg1 Bd5 37. Qc3 Qc6 38. Qxc6 Bxc6 39. Ba6 g5 40. Kf2 Kg7 41. g3 e5 42. h4 gxh4 43. gxh4 f5 44. Bc8 Kg6 45. Be6 Ba4 46. Bc8 f4 47. Bg4 Bc2 48. Ke2 Bf5 49. Kf2 h5 50. Bxf5+ Kxf5 51. Kf1 e4 52. fxe4+ Kxe4 53. Kf2 f3 54. Kf1 Kf4 55. Kf2 Kg4 0-1

[Event "Berlin Eckbauer op 4th"]
[Site "Berlin"]
[Date "2001.10.08"]
[Round "2"]
[White "Schmitt, Marcelo Tilman"]
[Black "Berg, Gerd"]
[Result "0-1"]
[WhiteElo "1705"]
[BlackElo "1486"]
[PlyCount "74"]
[EventDate "2001.10.??"]
[EventType "swiss"]
[EventRounds "7"]
[EventCountry "GER"]
[SourceTitle "EXT 2005"]
[Source "ChessBase"]
[SourceDate "2004.11.15"]
[SourceVersion "1"]
[SourceVersionDate "2004.11.15"]
[SourceQuality "1"]

1. e4 c5 2. Nf3 Nc6 3. d4 cxd4 4. Nxd4 d6 5. Nc3 a6 6. a4 Nf6 7. Be2 Bd7 8. Nb3 g6 9. 0-0 Bg7 10. Be3 a5 11. Qd2 0-0 12. f3 Be6 13. Nd4 Nxd4 14. Bxd4 Nd7 15. Bxg7 Kxg7 16. Kh1 f6 17. f4 Nb6 18. Qd4 Rc8 19. f5 Bc4 20. Bd3 Qc7 21. fxg6 Bxd3 22. cxd3 hxg6 23. Qe3 Qc5 24. Qd2 Rh8 25. h3 Rh5 26. Rac1 Qe5 27. Nd5 Rxc1 28. Rxc1 Nxd5 29. exd5 Qxd5 30. Qe3 Re5 31. Qg3 Rg5 32. Qf3 Qb3 33. Rc7 Re5 34. Rxb7 Qxa4 35. d4 Qxd4 36. Rb8 Re1+ 37. Kh2 Qg1+ 0-1

[Event "Berlin Eckbauer op 4th"]
[Site "Berlin"]
[Date "2001.10.01"]
[Round "1"]
[White "Gebigke, Martin"]
[Black "Schmitt, Marcelo Tilman"]
[Result "1-0"]
[WhiteElo "2095"]
[BlackElo "1705"]
[PlyCount "129"]
[EventDate "2001.10.??"]
[EventType "swiss"]
[EventRounds "7"]
[EventCountry "GER"]
[SourceTitle "EXT 2005"]
[Source "ChessBase"]
[SourceDate "2004.11.15"]
[SourceVersion "1"]
[SourceVersionDate "2004.11.15"]
[SourceQuality "1"]

1. d4 Nf6 2. c4 e6 3. Nc3 Bb4 4. e3 0-0 5. Nge2 b6 6. a3 Be7 7. d5 Ba6 8. b3 exd5 9. cxd5 d6 10. b4 Bxe2 11. Bxe2 c5 12. 0-0 Nbd7 13. Bb2 cxb4 14. axb4 a5 15. bxa5 Rxa5 16. Rxa5 bxa5 17. Nb5 Nb6 18. Bf3 Qd7 19. Qd3 Rb8 20. Nd4 Nbxd5 21. Ba1 Nb4 22. Qa3 a4 23. e4 d5 24. exd5 Nbxd5 25. Qd3 Nf4 26. Qe3 N4d5 27. Qe5 Bd6 28. Qe2 Nf4 29. Qa6 Bc5 30. Nc6 Rc8 31. Rd1 Qe6 32. Kh1 Re8 33. Bc3 Bxf2 34. Qxa4 Ng6 35. g3 h6 36. Kg2 Bc5 37. Nd4 Bxd4 38. Qxd4 Rb8 39. h4 Qb6 40. Qd2 Qb5 41. Bxf6 gxf6 42. Qxh6 Qf5 43. Rd2 Ne5 44. Qh5 Qxf3+ 45. Qxf3 Nxf3 46. Kxf3 Rb3+ 47. Kg4 Kg7 48. Rf2 Rc3 49. Rf4 Rc6 50. Kh5 Rc5+ 51. Kg4 Rc6 52. Kh3 Kg6 53. Rg4+ Kh6 54. Kg2 Rc2+ 55. Kf3 Rc3+ 56. Ke4 Rc4+ 57. Kf5 Rxg4 58. Kxg4 Kg6 59. Kf4 f5 60. Ke5 f4 61. Kxf4 f6 62. g4 Kh6 63. Kf5 Kg7 64. h5 Kh7 65. h6 1-0

[Event "Berlin Neukoelln op 7th"]
[Site "Berlin"]
[Date "2001.06.15"]
[Round "6"]
[White "Schmitt, Marcelo Tilman"]
[Black "Baumeister, Wolfgang"]
[Result "1-0"]
[WhiteElo "1647"]
[BlackElo "1539"]
[PlyCount "71"]
[EventDate "2001.05.11"]
[EventType "swiss"]
[EventRounds "7"]
[EventCountry "GER"]
[SourceTitle "EXT 2022"]
[Source "ChessBase"]
[SourceDate "2021.10.06"]
[SourceVersion "1"]
[SourceVersionDate "2021.10.06"]
[SourceQuality "1"]

1. e4 e5 2. Nf3 Nc6 3. Bb5 a6 4. Ba4 Nf6 5. 0-0 b5 6. Bb3 d6 7. Re1 Bg4 8. c3 Be7 9. d3 0-0 10. Nbd2 Na5 11. Bc2 c5 12. Nf1 Qd7 13. Bg5 Nd5 14. Bxe7 Nxe7 15. Ng3 h6 16. h3 Bxh3 17. gxh3 Qxh3 18. Nh2 f5 19. exf5 Nxf5 20. Qg4 Qxg4 21. Nxg4 Nh4 22. Nh2 Rf6 23. b4 Nc6 24. Bb3+ Kh7 25. Bd5 Rc8 26. bxc5 Ne7 27. Be4+ Kh8 28. cxd6 Rxd6 29. Rac1 Re8 30. Re3 g6 31. Nf3 Nhf5 32. Bxf5 gxf5 33. Rxe5 f4 34. Ne4 Rg8+ 35. Kf1 Rxd3 36. Rxe7 1-0

[Event "Berlin Neukoelln op 7th"]
[Site "Berlin"]
[Date "2001.05.18"]
[Round "2"]
[White "Schmitt, Marcelo Tilman"]
[Black "Prum, Alexander"]
[Result "1-0"]
[WhiteElo "1647"]
[BlackElo "1115"]
[PlyCount "131"]
[EventDate "2001.05.11"]
[EventType "swiss"]
[EventRounds "7"]
[EventCountry "GER"]
[SourceTitle "EXT 2022"]
[Source "ChessBase"]
[SourceDate "2021.10.06"]
[SourceVersion "1"]
[SourceVersionDate "2021.10.06"]
[SourceQuality "1"]

1. d4 Nf6 2. Nf3 g6 3. c4 Bg7 4. Nc3 0-0 5. e4 d6 6. Be2 Nbd7 7. 0-0 e5 8. Bg5 h6 9. Be3 Re8 10. d5 b6 11. Nd2 Nc5 12. b4 Ncd7 13. Nb3 Qe7 14. f3 Nh7 15. Rc1 f5 16. Nb5 Ndf6 17. c5 Rf8 18. cxd6 cxd6 19. exf5 gxf5 20. Rc7 Qe8 21. Nxd6 Qd8 22. Rxc8 Qxd6 23. Rxa8 Rxa8 24. Qd2 Nxd5 25. Bc4 Nhf6 26. Bxh6 Kh7 27. Bxg7 Kxg7 28. Qg5+ Kf8 29. Qh6+ Ke7 30. Qg7+ Ke8 31. Bb5+ Nd7 32. Bxd7+ Qxd7 33. Qg8+ Ke7 34. Qxa8 Nxb4 35. Qh8 Qe6 36. Qg7+ Qf7 37. Qxe5+ Qe6 38. Qxe6+ Kxe6 39. Re1+ Kf6 40. Nd4 Nxa2 41. Ra1 Nc3 42. Rxa7 Ke5 43. Nc6+ Kd6 44. Nb4 Kc5 45. Nd3+ Kd4 46. Nb2 b5 47. Kf2 b4 48. Rb7 Nd5 49. Rd7 b3 50. Rxd5+ Kxd5 51. Ke3 Ke5 52. g3 Kf6 53. Kf4 Ke6 54. h4 Kf6 55. h5 Ke6 56. Kg5 Kf7 57. Kxf5 Kg7 58. g4 Kh6 59. Kf6 Kh7 60. g5 Kh8 61. g6 Kg8 62. g7 Kh7 63. Kf7 Kh6 64. g8Q Kxh5 65. Qg4+ Kh6 66. Qg6# 1-0

[Event "Berlin Neukoelln op 7th"]
[Site "Berlin"]
[Date "2001.05.11"]
[Round "1"]
[White "Jaeger, Andre"]
[Black "Schmitt, Marcelo Tilman"]
[Result "1/2-1/2"]
[WhiteElo "2084"]
[BlackElo "1647"]
[PlyCount "48"]
[EventDate "2001.05.11"]
[EventType "swiss"]
[EventRounds "7"]
[EventCountry "GER"]
[SourceTitle "EXT 2022"]
[Source "ChessBase"]
[SourceDate "2021.10.06"]
[SourceVersion "1"]
[SourceVersionDate "2021.10.06"]
[SourceQuality "1"]

1. d4 Nf6 2. c4 c6 3. Nc3 d5 4. cxd5 cxd5 5. Bf4 Nc6 6. e3 a6 7. Bd3 e6 8. Rc1 Be7 9. h3 0-0 10. Nf3 Bd7 11. 0-0 Rc8 12. Qe2 Nh5 13. Bh2 g6 14. e4 dxe4 15. Nxe4 Nb4 16. Rxc8 Qxc8 17. Nd6 Bxd6 18. Bxd6 Nxd3 19. Qxd3 Bb5 20. Qa3 Bxf1 21. Bxf8 Qxf8 22. Qxf8+ Kxf8 23. Kxf1 Ke7 24. g3 Nf6 1/2-1/2

[Event "Berlin op 10"]
[Site "Berlin"]
[Date "2000.11.20"]
[Round "6"]
[White "Berg, Gerd"]
[Black "Schmitt, Marcelo Tilman"]
[Result "0-1"]
[WhiteElo "1536"]
[BlackElo "1643"]
[PlyCount "77"]
[EventDate "2000.10.16"]
[EventType "swiss"]
[EventRounds "7"]
[EventCountry "GER"]
[SourceTitle "EXT 2007"]
[Source "ChessBase"]
[SourceDate "2006.11.23"]
[SourceVersion "1"]
[SourceVersionDate "2006.11.23"]
[SourceQuality "1"]

1. c4 e5 2. Nc3 Nf6 3. d3 h6 4. Nf3 Nc6 5. a3 a5 6. b3 Bc5 7. e3 d6 8. h3 0-0 9. Bd2 Bd7 10. Na4 Ba7 11. Bc3 Re8 12. Be2 d5 13. Nb2 d4 14. exd4 exd4 15. Bd2 Qe7 16. Bf4 Bc5 17. a4 Bb4+ 18. Kf1 Rac8 19. Bc1 Bf5 20. g4 Bd7 21. g5 hxg5 22. Bxg5 Rcd8 23. Nd2 Ne5 24. Ne4 Bc6 25. Bxf6 gxf6 26. Rg1+ Kh7 27. Bf3 Rg8 28. Bg2 Rg6 29. f4 Nd7 30. f5 Rh6 31. Qe2 Ne5 32. Qc2 Rg8 33. c5 Qd7 34. Qf2 Bd5 35. Nc4 Nxc4 36. bxc4 c6 37. cxd5 cxd5 38. Ng3 Bxc5 39. Re1 0-1